00824nam a2200169 a 4500001000400000003000900004008004100013040002800054082001700082100001100099245004700110260003700157300001000194490001700204505041800221650001500639891CO-ViMGA141112s2004 ck r 000 u spa d aCO-ViMGAbspacCO-ViMGA04a615.532 B6931 aBoyd, 10aIntroducción a la medicina homeopática aBarcelona : bPaidotribo, c1993 a422 p aHomeopetía aPrincipios y practica de la homeopatía 21 - - Historia clínica y diagnóstico 49 - - Acercamiento sistemático a la materia medica 119 - - Remedios para heridas y accidentes 123 - - Dolores de cabeza 131 - - Los nosodes 261 - - Cincuenta y cinco remedios comunes descritos de forma mas detallada 271 - - Glosario de terminos especializados 399 - - Preguntas para reflexionar y exponer 401 - - Apendice 425 14aHOMEOPATIA